Score 0/14 Timer 02:00
0 Plays Today
Hint Answer % Correct
Solo ArtistGirl
93.6%
No DoubtLife
81.9%
No DoubtJust
72.1%
No DoubtSpeak
70.3%
Solo ArtistWaiting
59.3%
No DoubtGood
48.7%
No DoubtBaby
45.8%
Hint Answer % Correct
Solo ArtistMorning
44.7%
Solo ArtistEscape
43.4%
Solo ArtistGot
29.7%
No DoubtSimple
25.9%
Solo ArtistWind
19.6%
No DoubtUnderneath
18.7%
Solo ArtistEarly
11.2%

Today's Daily Dose

Missing Word
'T' Pairs

Word Ladder
Game Pieces

Get the Picture
Baseball Movies

Remove Ads.
Support Sporcle.
Get the best of Sporcle when you Go Orange. This ad-free experience offers more features, more stats, and more fun while also helping to support Sporcle. Thank you for becoming a member.

You're not logged in!

Compare scores with friends on all Sporcle quizzes.
OR
Log In

Show Comments

Extras

Top Quizzes Today


Score Distribution

Your Account Isn't Verified!

In order to create a playlist on Sporcle, you need to verify the email address you used during registration. Go to your Sporcle Settings to finish the process.

Report this User

Report this user for behavior that violates our Community Guidelines.

Details: